Normal view
MARC view
Entry Personal Name
001 - CONTROL NUMBER
- control field: 1238942
003 - CONTROL NUMBER IDENTIFIER
- control field: OSt
005 - DATE AND TIME OF LATEST TRANSACTION
- control field: 20260511114348.0
008 - FIXED-LENGTH DATA ELEMENTS
- fixed length control field: 260511|| aca||aabn | a|a d
040 ## - CATALOGING SOURCE
- Original cataloging agency: OSt
- Transcribing agency: OSt
100 ## - HEADING--PERSONAL NAME
- Personal name: ਕੌਰ, ਪਰਮਿੰਦਰ
670 ## - SOURCE DATA FOUND
- Source citation: Work cat.: (OSt)1851165: ਕੌਰ, ਪਰਮਿੰਦਰ , 21 ਵੀਂ ਸਦੀ ਦੀ ਪੰਜਾਬੀ ਕਹਾਣੀ: ਬਿਰਤਾਂਤ ਸ਼ਾਸਤਰੀ ਅਧਿਅਨ , 2025.
